| 000 | 00528nam a22001697a 4500 | ||
|---|---|---|---|
| 005 | 20260509154853.0 | ||
| 008 | 260509b |||||||| |||| 00| 0 eng d | ||
| 020 | _a9789364408066 | ||
| 040 |
_aSGVU Library _cSGVU Library |
||
| 082 |
_222 _a632.95 _bRAR B |
||
| 100 |
_aRana Rohit And Yadav Dhinu _940326 |
||
| 245 |
_aBiopesticides & Biofertilizers _hEnglish |
||
| 260 |
_aNew Delhi , India _bKalyani Publishers _c2025 |
||
| 300 |
_a10.41p _bPB |
||
| 650 |
_aAgriculture _yG4774 _940327 |
||
| 942 |
_2ddc _cBOOKS _k632.95 RAR B |
||
| 999 |
_c90293 _d90293 |
||